Billetes de la guerra civil, 1936-1939 : (Record no. 35398)
[ view plain ]
| 000 -LEADER | |
|---|---|
| campo de control de longitud fija | 01422nam a2200277 i 4500 |
| 001 - NÚMERO DE CONTROL | |
| campo de control | 35398 |
| 003 - IDENTIFICADOR DE NÚMERO DE CONTROL | |
| campo de control | ES-MaACL |
| 005 - FECHA Y HORA DE LA ÚLTIMA TRANSACCIÓN | |
| campo de control | 20240121114415.0 |
| 008 - DATOS DE LONGITUD FIJA--INFORMACIÓN GENERAL | |
| campo de control de longitud fija | 211221s2003 sp a 001 0 spa |
| 080 ## - NÚMERO DE LA CLASIFICACIÓN DECIMAL UNIVERSAL | |
| Número de la Clasificación Decimal Universal | 336.747.1(460)"1936/39" |
| 245 00 - MENCIÓN DEL TÍTULO | |
| Título | Billetes de la guerra civil, 1936-1939 : |
| Resto del título | una colección única y valiosa / |
| Mención de responsabilidad, etc. | [obra creada por Servicios Documentales, Filatélicos y Numismáticos, S.A. ; dirección y diseño, Jorge Marín de la Salud]. |
| 260 ## - PUBLICACIÓN, DISTRIBUCIÓN, ETC. | |
| Lugar de publicación, distribución, etc. | Madrid : |
| Nombre del editor, distribuidor, etc. | Diario El País, |
| Fecha de publicación, distribución, etc. | [2003] |
| 300 ## - DESCRIPCIÓN FÍSICA | |
| Extensión | 71 p. : |
| Otras características físicas | principalmente il. col. ; |
| Dimensiones | 31 cm. |
| 594 ## - Nota al título y mención de responsabilidad | |
| Nota al título y mención de responsabilidad | En port.: "Una selección exclusiva de 48 billetes históricos en series limitadas y numeradas"; "Una colección reproducida e impresa por la Real Casa de la Moneda-Fábrica Nacional de Moneda y Timbre" |
| 650 #4 - PUNTO DE ACCESO ADICIONAL DE MATERIA--TÉRMINO DE MATERIA | |
| Término de materia o nombre geográfico como elemento de entrada | Billetes de banco- |
| Subdivisión geográfica | España- |
| Subdivisión cronológica | 1936-1939. |
| 9 (RLIN) | 173884 |
| 700 1# - ENTRADA AGREGADA--NOMBRE PERSONAL | |
| Nombre de persona | Marín de la Salud, Jorge. |
| 9 (RLIN) | 173885 |
| 710 2# - ENTRADA AGREGADA--NOMBRE DE ENTIDAD CORPORATIVA | |
| Nombre de entidad corporativa o nombre de jurisdicción como elemento de entrada | Servicios Documentales, Filatélicos y Numismáticos, S. A. |
| 9 (RLIN) | 173886 |
| 710 2# - ENTRADA AGREGADA--NOMBRE DE ENTIDAD CORPORATIVA | |
| Nombre de entidad corporativa o nombre de jurisdicción como elemento de entrada | Real Casa de la Moneda (Madrid) |
| 9 (RLIN) | 173888 |
| 710 2# - ENTRADA AGREGADA--NOMBRE DE ENTIDAD CORPORATIVA | |
| Nombre de entidad corporativa o nombre de jurisdicción como elemento de entrada | Fábrica Nacional de Moneda y Timbre (España) |
| 9 (RLIN) | 157039 |
| 710 2# - ENTRADA AGREGADA--NOMBRE DE ENTIDAD CORPORATIVA | |
| Nombre de entidad corporativa o nombre de jurisdicción como elemento de entrada | Ediciones El País. |
| 9 (RLIN) | 173887 |
| 852 4# - LOCALIZACIÓN | |
| Ubicación | ES-MaACL |
| Número de control de estantería | A-14802 |
| Nota libre | Encuadernación en cartoné |
| itemnumber | 36693 |
| Sublocalización o colección | R.152087 |
| Ubicación en estantería | Depósito 1 |
| Signatura antigua | Olim: N-7802 |
| Donativo/Legado | Donación: Manuela Sánchez |
| 903 ## - NOMBRE PERSONAL DE DONANTE | |
| 9 | 234238 |
| a | Sánchez, Manuela |
| e | Donante |
| 942 ## - ELEMENTOS DE ENTRADA SECUNDARIOS (KOHA) | |
| Fuente del sistema de clasificación o colocación | Clasificación decimal universal |
| Tipo de ítem Koha | Libro impreso |
| Estatus retirado | Estado de pérdida | Fuente del sistema de clasificación o colocación | Estado de daño | No para préstamo | Biblioteca de origen | Biblioteca actual | Ubicación en estantería | Fecha de adquisición | Fuente de adquisición | Total de préstamos | Signatura topográfica completa | Código de barras | Visto por última vez | Precio de reemplazo | Tipo de ítem Koha |
|---|---|---|---|---|---|---|---|---|---|---|---|---|---|---|---|
| Clasificación decimal universal | Biblioteca del Ateneo de Madrid | Biblioteca del Ateneo de Madrid | Depósito 1 | 21/12/2021 | Donación | A-14802 | 1202754 | 23/02/2023 | 23/02/2023 | Libro impreso |
